Stability of nonlinear control systems /

Guardado en:
Autor Principal: Lefschetz, Solomon, 1884-1972.
Formato: Libro
Idioma:English
Publicado: New York : Academic Press, 1965.
Series:Mathematics in science and engineering ; 13
Materias:
Etiquetas: Agregar Etiqueta
Sin Etiquetas, Sea el primero en etiquetar este registro!
LEADER 00749cam a22002295a 4500
001 MAT.inmabb005266
008 830810s1965####nyua#####b####001#0#eng##
005 20130313170855.0
245 1 0 |a Stability of nonlinear control systems /  |c Solomon Lefschetz. 
260 |a New York :  |b Academic Press,  |c 1965. 
300 |a xi, 150 p. :  |b il. ;  |c 24 cm. 
440 0 |a Mathematics in science and engineering ;  |v 13 
504 |a Bibliografía: p. 144-147. 
510 4 |a MR,  |c 30 #5860 
100 1 |a Lefschetz, Solomon,  |d 1884-1972. 
650 0 |a Nonlinear control theory. 
650 0 |a Stability. 
650 0 |a Nonlinear mechanics. 
084 |a 93Dxx (93C10)  |2 msc2000 
010 |a  64024661  
040 |a DLC/ICU  |c ICU  |d DLC 
859 |h 93  |i L495  |p A-2357  |b BIB. MATEMATICA